| 000 | 01693nam a2200505 i 4500 | ||
|---|---|---|---|
| 001 | 6530 | ||
| 003 | KOSZ 005 | ||
| 005 | 20200528145704.0 | ||
| 008 | 970625s1994 pl a f f |000 0 pol | ||
| 015 | _aUWD 1994/8894 | ||
| 035 | _a991000327219705066 | ||
| 035 | _a(PL-WaBN)b10130573-48omnis_nlop | ||
| 035 | _ab10130573 | ||
| 035 | _a(OCoLC)749574774 | ||
| 035 | _a(PL)b0000001013057 | ||
| 035 | _a(EXLNZ-48OMNIS_NETWORK)9910005263805606 | ||
| 040 |
_aWA N _cWA N _dKOSZ 005/HR |
||
| 080 | _a624.014.2-045.43 | ||
| 080 | _a624.9 | ||
| 080 | _a(075.8) | ||
| 100 | 1 |
_aBródka, Jan _d(1929- ) _eAutor |
|
| 245 | 1 | 0 |
_aStalowe konstrukcje hal i budynków wysokich. _nT. 1 / _cJan Bródka. |
| 260 |
_aŁódź : _bPŁ, _c1994. |
||
| 300 |
_a408 s. : _brys., wykr. ; _c21 cm. |
||
| 336 |
_aTekst _btxt _2rdacontent |
||
| 337 |
_aBez urządzenia pośredniczącego _bn _2rdamedia |
||
| 338 |
_aWolumin _bnc _2rdacarrier |
||
| 380 | _aKsiążki | ||
| 380 | _aPublikacje dydaktyczne | ||
| 385 |
_mPoziom nauczania _aSzkoły wyższe |
||
| 388 | _a1901-2000 | ||
| 388 | _a1989-2000 | ||
| 490 | 1 | _aSkrypty dla Szkół Wyższych / Politechnika Łódzka | |
| 504 | _aBibliogr. s. 403-408. | ||
| 650 | 7 |
_aKonstrukcje stalowe _2DBN |
|
| 650 | 7 | _aHale (budynki) | |
| 650 | 7 | _aProjektowanie | |
| 655 | 7 |
_aPodręczniki akademickie _2DBN |
|
| 655 | 7 |
_aProjekt budowlany _2DBN |
|
| 658 | _aArchitektura i budownictwo | ||
| 830 | 0 | _aSkrypty dla Szkół Wyższych - Politechnika Łódzka | |
| 856 |
_uhttp://koha.tu.koszalin.pl/cgi-bin/koha/opac-detail.pl?biblionumber=6530 _yKatalog online BPK |
||
| 942 |
_2UKD _cKS |
||
| 999 |
_c6530 _d6530 |
||